000
00308nam a2200133Ia 4500
008
210210b1960 xxu||||| |||| 00| 0 eng d
082
_a
917.04 SLOR
100
_a
SLOANES (Eric).
245
_a
Return to Taos.
260
_a
N Y
_b
Funk & Wagnalls
_c
1960
300
_a
120
690
_a
Travel
906
_a
032030
999
_c
83015
_d
83015